<?xml version="1.0" encoding="UTF-8"?>
<record
    xmlns:xsi="http://www.w3.org/2001/XMLSchema-instance"
    xsi:schemaLocation="http://www.loc.gov/MARC21/slim http://www.loc.gov/standards/marcxml/schema/MARC21slim.xsd"
    xmlns="http://www.loc.gov/MARC21/slim">

  <leader>00586nam a22001577a 4500</leader>
  <controlfield tag="003">OSt</controlfield>
  <controlfield tag="005">20151204144956.0</controlfield>
  <controlfield tag="008">151204b        xxu||||| |||| 00| 0 eng d</controlfield>
  <datafield tag="040" ind1=" " ind2=" ">
    <subfield code="c">RUA</subfield>
  </datafield>
  <datafield tag="082" ind1=" " ind2=" ">
    <subfield code="a">FIS SAR 2003 B186 Or.1</subfield>
  </datafield>
  <datafield tag="100" ind1=" " ind2=" ">
    <subfield code="9">4290</subfield>
    <subfield code="a">SAR, SARITH.</subfield>
  </datafield>
  <datafield tag="245" ind1=" " ind2=" ">
    <subfield code="a">Processing technology of pangasius fillet of lian heng trading co.,ltd, &#x1794;&#x1785;&#x17D2;&#x1785;&#x17C1;&#x1780;&#x179C;&#x17B7;&#x1791;&#x17D2;&#x1799;&#x17B6;&#x1780;&#x17C2;&#x1785;&#x17D2;&#x1793;&#x17C3;&#x178F;&#x17D2;&#x179A;&#x17B8;&#x1794;&#x17D2;&#x179A;&#x17B6;&#x17A0;&#x17D2;&#x179C;&#x17B8;&#x17A1;&#x17C1;&#x179A;&#x1794;&#x179F;&#x17CB;&#x1780;&#x17D2;&#x179A;&#x17BB;&#x1798;&#x17A0;&#x17CA;&#x17BB;&#x1793; &#x179B;&#x17B6;&#x1793; &#x17A0;&#x17C1;&#x1784;</subfield>
  </datafield>
  <datafield tag="260" ind1=" " ind2=" ">
    <subfield code="a">Phnom Penh</subfield>
    <subfield code="b">RUA</subfield>
    <subfield code="c">2003</subfield>
  </datafield>
  <datafield tag="300" ind1=" " ind2=" ">
    <subfield code="a">43p.</subfield>
    <subfield code="b">ill.</subfield>
    <subfield code="c">29cm.</subfield>
  </datafield>
  <datafield tag="942" ind1=" " ind2=" ">
    <subfield code="2">ddc</subfield>
    <subfield code="c">FIS</subfield>
  </datafield>
  <datafield tag="999" ind1=" " ind2=" ">
    <subfield code="c">4005</subfield>
    <subfield code="d">4005</subfield>
  </datafield>
  <datafield tag="952" ind1=" " ind2=" ">
    <subfield code="0">0</subfield>
    <subfield code="1">0</subfield>
    <subfield code="2">ddc</subfield>
    <subfield code="4">0</subfield>
    <subfield code="6">FIS_SAR_2003_000000000000000_B186_OR_1</subfield>
    <subfield code="7">0</subfield>
    <subfield code="9">20243</subfield>
    <subfield code="a">LBB</subfield>
    <subfield code="b">LBB</subfield>
    <subfield code="c">B186</subfield>
    <subfield code="d">2015-12-04</subfield>
    <subfield code="o">FIS SAR 2003 B186 Or.1</subfield>
    <subfield code="p">RUA037727</subfield>
    <subfield code="r">2015-12-04</subfield>
    <subfield code="w">2015-12-04</subfield>
    <subfield code="y">FIS</subfield>
  </datafield>
  <datafield tag="952" ind1=" " ind2=" ">
    <subfield code="0">0</subfield>
    <subfield code="1">0</subfield>
    <subfield code="2">ddc</subfield>
    <subfield code="4">0</subfield>
    <subfield code="6">FIS_SAR_2003_000000000000000_B186_OR_2</subfield>
    <subfield code="7">0</subfield>
    <subfield code="9">20244</subfield>
    <subfield code="a">LBB</subfield>
    <subfield code="b">LBB</subfield>
    <subfield code="c">B186</subfield>
    <subfield code="d">2015-12-04</subfield>
    <subfield code="o">FIS SAR 2003 B186 Or.2</subfield>
    <subfield code="p">RUA037544</subfield>
    <subfield code="r">2015-12-04</subfield>
    <subfield code="w">2015-12-04</subfield>
    <subfield code="y">FIS</subfield>
  </datafield>
  <datafield tag="952" ind1=" " ind2=" ">
    <subfield code="0">0</subfield>
    <subfield code="1">0</subfield>
    <subfield code="2">ddc</subfield>
    <subfield code="4">0</subfield>
    <subfield code="6">FIS_SAR_2003_000000000000000_B186_OR_3</subfield>
    <subfield code="7">0</subfield>
    <subfield code="9">20245</subfield>
    <subfield code="a">LBB</subfield>
    <subfield code="b">LBB</subfield>
    <subfield code="c">B186</subfield>
    <subfield code="d">2015-12-04</subfield>
    <subfield code="o">FIS SAR 2003 B186 Or.3</subfield>
    <subfield code="p">RUA037661</subfield>
    <subfield code="r">2015-12-04</subfield>
    <subfield code="w">2015-12-04</subfield>
    <subfield code="y">FIS</subfield>
  </datafield>
  <datafield tag="952" ind1=" " ind2=" ">
    <subfield code="0">0</subfield>
    <subfield code="1">0</subfield>
    <subfield code="2">ddc</subfield>
    <subfield code="4">0</subfield>
    <subfield code="6">FIS_SAR_2003_000000000000000_B186_OR_4</subfield>
    <subfield code="7">0</subfield>
    <subfield code="9">20246</subfield>
    <subfield code="a">LBB</subfield>
    <subfield code="b">LBB</subfield>
    <subfield code="c">B186</subfield>
    <subfield code="d">2015-12-04</subfield>
    <subfield code="o">FIS SAR 2003 B186 Or.4</subfield>
    <subfield code="p">RUA037664</subfield>
    <subfield code="r">2015-12-04</subfield>
    <subfield code="w">2015-12-04</subfield>
    <subfield code="y">FIS</subfield>
  </datafield>
  <datafield tag="952" ind1=" " ind2=" ">
    <subfield code="0">0</subfield>
    <subfield code="1">0</subfield>
    <subfield code="2">ddc</subfield>
    <subfield code="4">0</subfield>
    <subfield code="6">FIS_SAR_2003_000000000000000_B186_OR_5</subfield>
    <subfield code="7">0</subfield>
    <subfield code="9">20247</subfield>
    <subfield code="a">LBB</subfield>
    <subfield code="b">LBB</subfield>
    <subfield code="c">B186</subfield>
    <subfield code="d">2015-12-04</subfield>
    <subfield code="o">FIS SAR 2003 B186 Or.5</subfield>
    <subfield code="p">RUA037479</subfield>
    <subfield code="r">2015-12-04</subfield>
    <subfield code="w">2015-12-04</subfield>
    <subfield code="y">FIS</subfield>
  </datafield>
  <datafield tag="952" ind1=" " ind2=" ">
    <subfield code="0">0</subfield>
    <subfield code="1">0</subfield>
    <subfield code="2">ddc</subfield>
    <subfield code="4">0</subfield>
    <subfield code="6">FIS_SAR_2003_000000000000000_B186_OR_6</subfield>
    <subfield code="7">0</subfield>
    <subfield code="9">20248</subfield>
    <subfield code="a">LBB</subfield>
    <subfield code="b">LBB</subfield>
    <subfield code="c">B186</subfield>
    <subfield code="d">2015-12-04</subfield>
    <subfield code="o">FIS SAR 2003 B186 Or.6</subfield>
    <subfield code="p">RUA037783</subfield>
    <subfield code="r">2015-12-04</subfield>
    <subfield code="w">2015-12-04</subfield>
    <subfield code="y">FIS</subfield>
  </datafield>
  <datafield tag="952" ind1=" " ind2=" ">
    <subfield code="0">0</subfield>
    <subfield code="1">0</subfield>
    <subfield code="2">ddc</subfield>
    <subfield code="4">0</subfield>
    <subfield code="6">FIS_SAR_2003_000000000000000_B186_OR_7</subfield>
    <subfield code="7">0</subfield>
    <subfield code="9">20249</subfield>
    <subfield code="a">LBB</subfield>
    <subfield code="b">LBB</subfield>
    <subfield code="c">B186</subfield>
    <subfield code="d">2015-12-04</subfield>
    <subfield code="l">1</subfield>
    <subfield code="o">FIS SAR 2003 B186 Or.7</subfield>
    <subfield code="p">RUA037723</subfield>
    <subfield code="r">2017-02-10</subfield>
    <subfield code="s">2017-01-23</subfield>
    <subfield code="w">2015-12-04</subfield>
    <subfield code="y">FIS</subfield>
  </datafield>
  <datafield tag="952" ind1=" " ind2=" ">
    <subfield code="0">0</subfield>
    <subfield code="1">0</subfield>
    <subfield code="2">ddc</subfield>
    <subfield code="4">0</subfield>
    <subfield code="6">FIS_SAR_2003_000000000000000_B186_OR_8</subfield>
    <subfield code="7">0</subfield>
    <subfield code="9">37039</subfield>
    <subfield code="a">LBB</subfield>
    <subfield code="b">LBB</subfield>
    <subfield code="d">2016-02-04</subfield>
    <subfield code="l">1</subfield>
    <subfield code="o">FIS SAR 2003 B186 Or.8</subfield>
    <subfield code="p">RUA035995</subfield>
    <subfield code="r">2025-03-28</subfield>
    <subfield code="s">2025-03-13</subfield>
    <subfield code="w">2016-02-04</subfield>
    <subfield code="y">FIS</subfield>
  </datafield>
</record>
